Harry Potter: la Tente de Perkins - Statistiques

Statistiques générales
  • Ce quiz a été pris 40 fois
  • Le résultat moyen est 6 sur 7
Statistiques - réponses
Information Réponses % Correct
Première apparition Harry Potter et la Coupe de Feu
100%
Dernière apparition Harry Potter et les Reliques de la Mort
97%
Propriétaire (1997) Harry Potter
91%
Propriétaire (1997) Hermione Granger
91%
Propriétaire (1993) Famille Weasley
82%
Premier propriétaire Perkins
76%
Sortilège subit (probablement) Sortilège d'extension indétectable
29%
Aucun quiz correspondant
Distribution des résultats
% des personnes avec chaque résultat
Percentile par nombre de réponses
Votre historique - résultats
Vous n’avez pas pris ce quiz